Využitie metód nelineárnej regresie na modelovanie úmrtnosti populácie

Cieľom článku je poukázať na využitie regresnej analýzy na odhad parametrov vybraných parametrických modelov úmrtnosti, známych ako zákony úmrtnosti. Na modely úmrtnosti nazeráme ako na štatistické (stochastické) modely, pre ktoré na základe empirických údajov o pravdepodobnosti úmrtia v rôznom veku...

ver descrição completa

Na minha lista:
Detalhes bibliográficos
Autor principal: Šoltésová, Tatiana, 1975-
Outros Autores: Šoltés, Erik, 1974-
Formato: Capítulo de Livro
Idioma:eslovaco
Assuntos:
Tags: Adicionar Tag
Sem tags, seja o primeiro a adicionar uma tag!

MARC

LEADER 00000naa$a2200000$$$4500
001 0297579
005 20240502074515.2
041 0 |a slo 
044 |a SK 
245 1 0 |a Využitie metód nelineárnej regresie na modelovanie úmrtnosti populácie  |c Tatiana Šoltésová, Erik Šoltés 
520 |a Cieľom článku je poukázať na využitie regresnej analýzy na odhad parametrov vybraných parametrických modelov úmrtnosti, známych ako zákony úmrtnosti. Na modely úmrtnosti nazeráme ako na štatistické (stochastické) modely, pre ktoré na základe empirických údajov o pravdepodobnosti úmrtia v rôznom veku osôb je potrebné odhadnúť parametre regresnej funkcie. Parametre vybraných modelov úmrtnosti budeme odhadovať iteračnými metódami nelineárnej regresnej analýzy v softvéri SAS, resp. prostredníctvom jeho aplikácie SAS Enterprise Guide. 
610 2 0 |a modely nelineárne 
610 2 0 |a regresia 
610 2 0 |a modelovanie 
610 2 0 |a úmrtnosť 
610 2 0 |a poistenie životné 
100 1 |a Šoltésová, Tatiana, 1975- 
700 1 |a Šoltés, Erik, 1974-